000 00437 a2200145 4500
999 _c6809
_d6809
020 _a0684838230
050 _aB485ADL1997
100 _aAdler , Mortimer J
_dauthor
245 _aARISTOTLE FOR EVERYBODY:
_bDifficult thought made easy /
_cMortimer J .Adler
264 _aNew York, NY :
_bSimon & Schuster, Inc.,
_c1997
300 _a206p. :
500 _aincludes table of contents
650 _a Aristotle.
942 _2lcc
_cBK
_h485
_iADL
_kB